000
00334nam a22001457a 4500
020
_a
1405811587
082
_a
346.06kee
100
_a
keenan,Denis J.
245
_a
Smith and keenan,s company law
250
_a
13 ed.
260
_a
london
_b
Pearson longman
_c
2005
300
_a
xxxii,584p
_b
ill;23cm
500
_a
index
942
_c
BK
999
_c
20420
_d
20420